[Event "Saarland-ch A 89th"]
[Site "Stennweiler"]
[Date "2014.04.19"]
[Round "9"]
[White "Ganssauge, Wolfgang"]
[Black "Gross, Guenter"]
[Result "1/2-1/2"]
[WhiteElo "1500"]
[BlackElo "1817"]
[PlyCount "47"]
[EventDate "2014.04.11"]
[EventType "swiss"]
[EventRounds "9"]
[EventCountry "GER"]
[SourceTitle "EXT 2016"]
[Source "ChessBase"]
[SourceDate "2015.10.08"]
[SourceVersion "1"]
[SourceVersionDate "2015.10.08"]
[SourceQuality "1"]

1. e4 c6 2. d4 d5 3. e5 c5 4. c3 Nc6 5. Nf3 Bg4 6. Be3 e6 7. Be2 Nge7 8. a3 Nf5 9. b4 Bxf3 10. Bxf3 cxd4 11. cxd4 Qb6 12. Nc3 Ncxd4 13. Bxd4 Nxd4 14. Bxd5 Bxb4 15. Qa4+ Qb5 16. Qxb5+ Nxb5 17. axb4 Nxc3 18. Bxb7 Rd8 19. Bf3 0-0 20. Rxa7 Rd4 21. Rb7 g5 22. 0-0 Nd5 23. h3 Nxb4 24. Re1 1/2-1/2

[Event "Saarland-ch A 89th"]
[Site "Stennweiler"]
[Date "2014.04.18"]
[Round "8"]
[White "Gross, Guenter"]
[Black "Passeier, Helmut"]
[Result "0-1"]
[WhiteElo "1817"]
[BlackElo "1804"]
[PlyCount "52"]
[EventDate "2014.04.11"]
[EventType "swiss"]
[EventRounds "9"]
[EventCountry "GER"]
[SourceTitle "EXT 2016"]
[Source "ChessBase"]
[SourceDate "2015.10.08"]
[SourceVersion "1"]
[SourceVersionDate "2015.10.08"]
[SourceQuality "1"]

1. e4 e5 2. f4 d5 3. exd5 exf4 4. Nf3 Nf6 5. Bc4 Bd6 6. 0-0 0-0 7. d4 Bg4 8. Bb3 c5 9. dxc6 Nxc6 10. c3 Qc7 11. Nbd2 b5 12. Qe2 a6 13. Kh1 Rfe8 14. Qf2 Re3 15. Ng5 Bh5 16. Ndf3 Rae8 17. Bxe3 fxe3 18. Qh4 h6 19. Nh3 e2 20. Rg1 Re4 21. Qe1 Re3 22. Nd2 Bxh2 23. a4 Bg3 24. Nf2 Qf4 25. Nf3 Bxf2 26. Qxf2 Ne4 0-1

[Event "Saarland-ch A 89th"]
[Site "Stennweiler"]
[Date "2014.04.16"]
[Round "6"]
[White "Stephanus, Joseph"]
[Black "Gross, Guenter"]
[Result "1-0"]
[WhiteElo "1908"]
[BlackElo "1817"]
[PlyCount "87"]
[EventDate "2014.04.11"]
[EventType "swiss"]
[EventRounds "9"]
[EventCountry "GER"]
[SourceTitle "EXT 2016"]
[Source "ChessBase"]
[SourceDate "2015.10.08"]
[SourceVersion "1"]
[SourceVersionDate "2015.10.08"]
[SourceQuality "1"]

1. c4 e5 2. Nc3 Nc6 3. g3 g6 4. Bg2 Bg7 5. e3 d6 6. Nge2 Be6 7. d3 Qd7 8. 0-0 Bh3 9. Nd5 Bxg2 10. Kxg2 Nge7 11. Nxe7 Nxe7 12. Nc3 0-0 13. b4 f5 14. e4 Nc6 15. Nd5 f4 16. gxf4 exf4 17. Bxf4 Bxa1 18. Qxa1 Qg4+ 19. Bg3 Qf3+ 20. Kg1 Rf7 21. b5 Nd8 22. Qd1 Ne6 23. Qxf3 Rxf3 24. Nb4 Nc5 25. Kg2 Raf8 26. Rd1 g5 27. Nd5 Rxd3 28. Rxd3 Nxd3 29. Nxc7 Ne5 30. c5 dxc5 31. Bxe5 Rd8 32. Nd5 Kf7 33. f4 gxf4 34. Bxf4 Ke6 35. Kf3 c4 36. Ke3 Rg8 37. Bg3 Rc8 38. Kd4 b6 39. Nc7+ Kd7 40. Kxc4 h5 41. Kd4 h4 42. Be5 h3 43. Nd5 Rc2 44. Nc3 1-0

[Event "Saarland-ch A 89th"]
[Site "Stennweiler"]
[Date "2014.04.11"]
[Round "1"]
[White "Gross, Guenter"]
[Black "Spektorov, Leonid"]
[Result "1-0"]
[WhiteElo "1817"]
[BlackElo "1830"]
[PlyCount "73"]
[EventDate "2014.04.11"]
[EventType "swiss"]
[EventRounds "9"]
[EventCountry "GER"]
[SourceTitle "EXT 2016"]
[Source "ChessBase"]
[SourceDate "2015.10.08"]
[SourceVersion "1"]
[SourceVersionDate "2015.10.08"]
[SourceQuality "1"]

1. e4 e6 2. d4 d5 3. Nc3 Nf6 4. Bg5 Be7 5. e5 Nfd7 6. h4 h6 7. Bxe7 Qxe7 8. Qg4 f5 9. exf6 Nxf6 10. Qg6+ Qf7 11. Bd3 Bd7 12. Qg3 Kd8 13. Nf3 Nc6 14. Nb5 Be8 15. 0-0-0 a6 16. Bg6 Qe7 17. Nc3 Qd6 18. Ne5 Kc8 19. f4 Kb8 20. Bxe8 Rxe8 21. Qxg7 Qe7 22. Qxh6 Nxe5 23. fxe5 Ng4 24. Qf4 Qg7 25. Rdf1 Ka7 26. Qf7 Qh6+ 27. Kb1 Rf8 28. Qxc7 Rac8 29. Qe7 Ne3 30. Rf6 Rxf6 31. exf6 Qg6 32. Rc1 Qxg2 33. Qxe6 Rxc3 34. bxc3 Qd2 35. Qc8 Nc4 36. Qc5+ Nb6 37. f7 1-0